[Event "Top20 2010-2011"]
[Site "Loire"]
[Date "2010.10.09"]
[Round "1.1"]
[White "Massard, Christian"]
[Black "Morice, Ludovic"]
[Result "0-1"]
[WhiteElo "1807"]
[BlackElo "2086"]
[PlyCount "38"]

1. Nf3 Nf6 2. c4 g6 3. Nc3 Bg7 4. g3 O-O 5. Bg2 d6 6. d4 Nbd7 7. O-O e5 8. dxe5
dxe5 9. Bg5 h6 10. Bxf6 Qxf6 11. Qc2 Re8 12. Nd5 Qd8 13. Rad1 Bf8 14. a3 a5 15.
e3 Kg7 16. Rd2 c6 17. Nc3 Qc7 18. h3 Nc5 19. Ne4 Nxe4 0-1

[Event "Top20 2010-2011"]
[Site "Loire"]
[Date "2010.10.09"]
[Round "1.2"]
[White "Tchalimian, Pascal"]
[Black "Licata-Messana, Luc"]
[Result "1/2-1/2"]
[WhiteElo "2083"]
[BlackElo "1800"]
[PlyCount "109"]

1. e4 e6 2. d4 d5 3. Nc3 Nc6 4. e5 f6 5. exf6 Nxf6 6. Nf3 Bd6 7. Bb5 O-O 8. O-O
Qe8 9. Ne5 Bd7 10. Nxd7 Qxd7 11. f4 a6 12. Bxc6 Qxc6 13. a3 Qc4 14. Be3 Rae8
15. Qd2 Qc6 16. g3 Ng4 17. Rfe1 Nh6 18. Re2 Nf5 19. Rae1 Be7 20. Nd1 Nd6 21. c3
Nc4 22. Qc2 Rf6 23. Bc1 a5 24. a4 Bf8 25. b3 Nd6 26. Ba3 Nf5 27. Bxf8 Rfxf8 $11
28. Nf2 Qd6 29. Nd3 b6 30. Rf2 c5 31. g4 Nh6 32. Ne5 Nf7 33. Nxf7 Rxf7 34. f5
e5 35. dxe5 Rxe5 36. Rxe5 Qxe5 37. Re2 Qf4 38. Re8+ Rf8 39. Qe2 Qd6 40. Qe6+
Qxe6 41. Rxe6 Rf6 42. Re3 Kf7 43. Kg2 h6 44. Kg3 Rd6 45. Kf4 d4 46. Rd3 dxc3
47. Rxc3 Rd4+ 48. Kf3 Rb4 49. Kg3 Kf6 50. Kh4 g6 51. fxg6 Kxg6 52. h3 Rd4 53.
Re3 Rd6 54. Re8 Kf7 55. Rh8 1/2-1/2

[Event "Top20 2010-2011"]
[Site "Loire"]
[Date "2010.10.09"]
[Round "1.3"]
[White "Jan, Christophe"]
[Black "Deville, Olivier"]
[Result "1-0"]
[WhiteElo "1790"]
[BlackElo "1979"]
[PlyCount "65"]

1. d4 d5 2. c4 c6 3. cxd5 cxd5 4. Bf4 Nf6 5. Nc3 Qb6 6. Rc1 Nc6 7. e3 Qxb2 8.
Rc2 Qb4 9. Bd3 Bg4 10. f3 Bh5 11. Qc1 Qa5 12. Rb2 Nb4 13. Bb5+ Kd8 14. a3 Qxa3
15. Bc7+ Kc8 16. Bd6 Nc2+ 17. Qxc2 Qxd6 18. Ne4+ Qc7 19. Nxf6 gxf6 20. Qd2 Kd8
21. Ne2 Rg8 22. Nf4 Rc8 23. O-O Bg6 24. Nxd5 Qd6 25. Qa5+ b6 26. Qxa7 Qxd5 27.
Qxb6+ Rc7 28. Rc1 Qb7 29. Qa5 Qa7 30. Ba6 Bd3 31. Rxc7 Qxc7 32. Rb8+ Kd7 33.
Rb7 1-0

[Event "Top20 2010-2011"]
[Site "Loire"]
[Date "2010.10.09"]
[Round "1.4"]
[White "Cursoux, Gerard"]
[Black "Andre, Gregory"]
[Result "1/2-1/2"]
[WhiteElo "1970"]
[BlackElo "1760"]
[PlyCount "106"]

1. c4 Nf6 2. Nc3 g6 3. g3 Bg7 4. Bg2 O-O 5. d4 d6 6. e4 e5 7. d5 Na6 8. Nge2
Nh5 9. h3 Bd7 10. g4 Nf6 11. Bg5 Qc8 12. f3 c6 13. Qd2 Rb8 14. Rc1 c5 15. a4
Nb4 16. O-O a6 17. Ra1 b5 18. axb5 axb5 19. cxb5 Bxb5 20. Nxb5 Rxb5 21. Nc3 Rb7
22. Ra3 Qd7 23. Rfa1 Rfb8 24. Bf1 Qc8 25. Ra5 Ne8 26. Nb5 Bf8 27. Bc4 Nc7 28.
Nxc7 Qxc7 29. b3 Be7 30. Be3 Bd8 31. R5a4 Qe7 32. Kg2 Rc8 33. Qc1 Rcc7 34. Bd2
f5 35. Bxb4 Rxb4 36. Rxb4 cxb4 37. Qd2 f4 38. Qxb4 Qh4 39. Qe1 Qxe1 40. Rxe1
Ra7 41. Re2 Bb6 42. b4 Ra1 43. Ra2 Rxa2+ 44. Bxa2 g5 45. Kf1 Kf8 46. Ke2 Ke7
47. Kd3 Kd8 48. Kc4 Kc7 49. Bb3 h6 50. Ba4 Ba7 51. Kb5 Bb6 52. Ka6 Bf2 53. Bc6
Bb6 1/2-1/2

[Event "Top20 2010-2011"]
[Site "Loire"]
[Date "2010.10.09"]
[Round "1.5"]
[White "Bruel, Bruno"]
[Black "Bednar, Emile"]
[Result "0-1"]
[WhiteElo "1750"]
[BlackElo "1960"]
[PlyCount "76"]

1. d4 d5 2. c4 e6 3. Nc3 Nf6 4. Nf3 c6 5. e3 Nbd7 6. Bd3 Be7 7. O-O O-O 8. b3
a6 9. Bb2 Bd6 10. Ne2 Ng4 11. h3 Nh6 12. Qc2 f5 13. Ne5 Nf6 14. Ng3 Qe7 15. a4
Bd7 16. f4 Rac8 17. Qe2 Be8 18. c5 Bc7 19. b4 Ne4 20. Bxe4 fxe4 21. Ba3 Qh4 22.
Kh2 Rf6 23. Qe1 Bxe5 24. dxe5 Rg6 25. Nxe4 Qxe1 26. Rfxe1 dxe4 27. Rad1 Nf5 28.
g4 Ne7 29. Rd4 h5 30. gxh5 Rh6 31. Rxe4 Bxh5 32. Rd4 Bg4 33. b5 Rxh3+ 34. Kg2
Nf5 35. Rd7 axb5 36. axb5 Ra8 37. Bc1 Ra2+ 38. Bd2 Nh4+ 0-1

[Event "Top20 2010-2011"]
[Site "Loire"]
[Date "2010.10.09"]
[Round "1.6"]
[White "Garon, Pierre"]
[Black "Vier, Serge"]
[Result "1-0"]
[WhiteElo "1928"]
[BlackElo "1700"]
[PlyCount "100"]
[EventDate "2010.??.??"]

1. c4 e5 2. d3 Nc6 3. Nc3 Nf6 4. g3 Bc5 5. Bg2 O-O 6. a3 d6 7. b4 Bb6 8. e3 Bg4
9. Qc2 Qd7 10. b5 Nd8 11. h3 Bf5 12. Nge2 c6 13. a4 Ba5 14. Bd2 Ne6 15. e4 Bg6
16. O-O Bb6 17. a5 Nd4 18. Nxd4 Bxd4 19. Rab1 h6 20. Kh2 Nh7 21. g4 c5 22. Nd5
Qd8 23. Kg3 Nf6 24. Nc3 Nh7 25. Ne2 Rc8 26. Ng1 Ng5 27. Ne2 Ne6 28. Rb3 Bh7 29.
Rfb1 g5 30. b6 a6 31. Rh1 Nf4 32. Nxd4 cxd4 33. Bb4 Qf6 34. Qd2 Nxg2 35. Kxg2
Qe6 36. Rbb1 f6 37. f3 Bg6 38. Rbc1 Be8 39. Rh2 Kg7 40. Rch1 Rh8 41. Qb2 Bf7
42. Bd2 Qe7 43. Qc1 Kg6 44. Kg3 Rcg8 45. Bb4 Qd8 46. Qa3 Rh7 47. Bxd6 Qd7 48.
h4 Qd8 49. hxg5 fxg5 50. Bxe5 Qd7 1-0

[Event "Top20 2010-2011"]
[Site "Loire"]
[Date "2010.10.09"]
[Round "1.7"]
[White "Moleins, Adrien"]
[Black "Muller, Anthony"]
[Result "1/2-1/2"]
[WhiteElo "1699"]
[BlackElo "1888"]
[PlyCount "77"]

1. Nf3 Nf6 2. b3 g6 3. Bb2 Bg7 4. e4 c5 5. Bc4 d6 6. h3 O-O 7. Qe2 e6 8. e5
Nfd7 9. Bb5 a6 10. Bxd7 Bxd7 11. Nc3 d5 12. d4 cxd4 13. Nxd4 Nc6 14. Nxc6 bxc6
15. Na4 c5 16. Nc3 Qg5 17. O-O Bxe5 18. Rfe1 Bd4 19. Nd1 Bxb2 20. Nxb2 Rfd8 21.
Qf3 Rac8 22. Nd3 Qf5 23. Qg3 Bb5 24. Rad1 Bxd3 25. Rxd3 c4 26. bxc4 Rxc4 27. c3
Rdc8 28. Rf3 Qc2 29. Qd6 R4c6 30. Qe7 R6c7 31. Qd6 Qa4 32. Rxe6 fxe6 33. Qxe6+
Kg7 34. Qe5+ Kg8 35. Qe6+ Kh8 36. Qe5+ Rg7 37. Rf7 Rcg8 38. Rxg7 Rxg7 39. Qb8+
1/2-1/2

[Event "Top20 2010-2011"]
[Site "Loire"]
[Date "2010.10.09"]
[Round "1.8"]
[White "Poncet, Alain"]
[Black "Minchilli, Franco"]
[Result "1-0"]
[WhiteElo "1853"]
[BlackElo "1690"]
[PlyCount "35"]

1. e4 c6 2. Nc3 d5 3. d4 dxe4 4. Nxe4 Nf6 5. Nxf6+ exf6 6. Nf3 Bg4 7. Be2 Bd6
8. h3 Bh5 9. O-O O-O 10. Re1 Nd7 11. Nh4 Bxe2 12. Rxe2 Qc7 13. Nf5 Bf4 14. Re4
Bxc1 15. Rxc1 Kh8 16. Qh5 g6 17. Qh6 g5 18. Qg7# 1-0

[Event "Top20 2010-2011"]
[Site "Loire"]
[Date "2010.10.09"]
[Round "1.9"]
[White "Pareux, Marc"]
[Black "Aumont-Mathieu, Georges"]
[Result "1/2-1/2"]
[WhiteElo "1600"]
[BlackElo "1840"]
[PlyCount "34"]

1. d4 Nf6 2. c4 e6 3. Nf3 Bb4+ 4. Nbd2 c5 5. e3 Nc6 6. Bd3 d6 7. O-O Bd7 8. Nb3
Ba5 9. Nxa5 Qxa5 10. Bd2 Qb6 11. Bc3 d5 12. dxc5 Qxc5 13. cxd5 Qxd5 14. Qe2 Qh5
15. Rfd1 e5 16. Nxe5 Ng4 17. Nxg4 Bxg4 1/2-1/2

[Event "Top20 2010-2011"]
[Site "Loire"]
[Date "2010.11.06"]
[Round "2.1"]
[White "Morice, Ludovic"]
[Black "Garon, Pierre"]
[Result "1-0"]
[WhiteElo "2086"]
[BlackElo "1928"]
[PlyCount "89"]
[EventDate "2010.??.??"]

1. c4 e5 2. g3 Nf6 3. Bg2 Nc6 4. Nc3 Bc5 5. e3 d6 6. Nge2 O-O 7. O-O Bf5 8. d4
exd4 9. Nxd4 Bd7 10. b3 Rb8 11. Bb2 Re8 12. Nxc6 Bxc6 13. Nd5 Nxd5 14. cxd5 Bd7
15. Qh5 Qe7 16. Rac1 f6 17. Rfd1 Qf7 18. Qxf7+ Kxf7 19. Bd4 Bb6 20. Bxb6 cxb6
21. Rc7 Re7 22. Rdc1 g6 23. h4 Ke8 24. e4 Kd8 25. f3 Rc8 26. Rxc8+ Bxc8 27. Kf2
Rc7 28. Rxc7 Kxc7 29. Ke3 b5 30. b4 Kd8 31. Kd4 Ke7 32. f4 b6 33. Bf3 Bd7 34.
g4 h6 35. g5 h5 36. f5 Be8 37. a3 Kf7 38. Ke3 Bd7 39. Kf4 Be8 40. Be2 Bd7 41.
fxg6+ Kxg6 42. gxf6 Be8 43. e5 a6 44. Bd3+ Kf7 45. Bf5 1-0

[Event "Top20 2010-2011"]
[Site "Loire"]
[Date "2010.11.06"]
[Round "2.2"]
[White "Bednar, Emile"]
[Black "Poncet, Alain"]
[Result "1/2-1/2"]
[WhiteElo "1960"]
[BlackElo "1853"]
[PlyCount "44"]
[EventDate "2010.??.??"]

1. Nf3 f5 2. d4 Nf6 3. c4 e6 4. Nc3 b6 5. g3 Bb7 6. Bg2 d6 7. Bg5 Be7 8. O-O
O-O 9. Qc2 Nbd7 10. Rad1 Ne4 11. Bxe7 Qxe7 12. Ne1 Ndf6 13. e3 Nxc3 14. Qxc3
Bxg2 15. Nxg2 a5 16. Qd3 Rfe8 17. Nf4 e5 18. dxe5 Qxe5 19. b3 g5 20. Nd5 Nxd5
21. Qxd5+ Qxd5 22. Rxd5 Kg7 $11 1/2-1/2

[Event "Top20 2010-2011"]
[Site "Loire"]
[Date "2010.11.06"]
[Round "2.4"]
[White "Andre, Gregory"]
[Black "Tchalimian, Pascal"]
[Result "0-1"]
[WhiteElo "1760"]
[BlackElo "2083"]
[PlyCount "80"]
[EventDate "2010.??.??"]

1. f4 e5 2. fxe5 d6 3. exd6 Bxd6 4. Nf3 g5 5. g3 g4 6. Nh4 Ne7 7. d4 Ng6 8.
Nxg6 hxg6 9. Qd3 Nc6 10. c3 Qe7 11. e4 Bd7 12. e5 Nxe5 13. dxe5 Bxe5 14. Qe3
Bxg3+ 15. hxg3 Rxh1 16. Qxe7+ Kxe7 17. Bf4 Bb5 18. Nd2 Bxf1 19. Nxf1 Rc8 20.
Kf2 f6 21. Kg2 Rh5 22. Nh2 Rb5 23. b3 f5 24. Bg5+ Kf7 25. Nf1 Re5 26. Ne3 Rce8
27. Kf2 Rh8 28. Kg2 Rc5 29. c4 Rh5 30. b4 Re5 31. Bf4 Re4 32. Rh1 Rxh1 33. Kxh1
c6 34. Bg5 Rd4 35. a4 b5 36. axb5 cxb5 37. c5 Rxb4 38. c6 Rb1+ 39. Kg2 Rc1 40.
Nxf5 Rc2+ 0-1

[Event "Top20 2010-2011"]
[Site "Loire"]
[Date "2010.11.06"]
[Round "2.5"]
[White "Licata-Messana, Luc"]
[Black "Cursoux, Gerard"]
[Result "1/2-1/2"]
[WhiteElo "1800"]
[BlackElo "1970"]
[PlyCount "99"]
[EventDate "2010.??.??"]

1. Nf3 c5 2. c4 Nc6 3. d4 cxd4 4. Nxd4 g6 5. e4 Bg7 6. Be3 d6 7. Be2 Nf6 8. Nc3
O-O 9. O-O Bd7 10. f3 a6 11. Nxc6 bxc6 12. c5 Be6 13. Qa4 Qc8 14. Rad1 d5 15.
e5 Ne8 16. Bd4 Qb7 17. Qa5 Nc7 18. Na4 Nb5 19. f4 $11 Nxd4 20. Rxd4 f6 21. Rb4
Qd7 22. exf6 Bxf6 23. Nb6 Qc7 24. Ra4 Ra7 25. Qd2 a5 26. g4 Bg7 27. b3 Bf7 28.
Rxa5 Bd4+ 29. Kg2 Bxc5 30. Rxc5 Qxb6 31. Rfc1 Be8 32. Kh1 Qb8 33. f5 Qe5 34.
Bd3 Qd4 35. R5c4 Qf6 36. R4c2 e5 37. g5 Qe7 38. f6 Qe6 39. Re1 e4 40. Rxe4 Qc8
41. Rh4 c5 42. Rc1 Rc7 43. Qf4 Qb7 44. Kg1 Qa7 45. Qf2 Qb6 46. Re1 Qd6 47. Qf4
Qb6 48. Qf2 Qd6 49. Qe2 Bf7 50. Qf2 1/2-1/2

[Event "Top20 2010-2011"]
[Site "Loire"]
[Date "2010.11.06"]
[Round "2.7"]
[White "Deville, Olivier"]
[Black "Pareux, Marc"]
[Result "1-0"]
[WhiteElo "1979"]
[BlackElo "1600"]
[PlyCount "61"]
[EventDate "2010.??.??"]

1. d4 g6 2. c4 Bg7 3. Nc3 d6 4. Nf3 Nc6 5. d5 Ne5 6. Nxe5 Bxe5 7. g3 e6 8. Bg2
Ne7 9. e4 Bg7 10. O-O e5 11. b4 f5 12. Qb3 O-O 13. f4 Kh8 14. fxe5 dxe5 15.
exf5 gxf5 16. Bg5 Rf7 17. d6 cxd6 18. c5 Qe8 19. cxd6 Nc6 20. Nb5 Rb8 21. Nc7
Qd7 22. Rfd1 Nd4 23. Qd5 b6 24. Be7 Rxe7 25. dxe7 Qxe7 26. Qc4 Bd7 27. Nd5 Qg5
$11 28. Qc7 Rd8 29. h4 Ne6 $11 30. hxg5 Nxc7 31. Nxc7 1-0

[Event "Top20 2010-2011"]
[Site "Loire"]
[Date "2010.11.06"]
[Round "2.8"]
[White "Vier, Serge"]
[Black "Massard, Christian"]
[Result "1/2-1/2"]
[WhiteElo "1700"]
[BlackElo "1807"]
[PlyCount "37"]
[EventDate "2010.??.??"]

1. d4 g6 2. Nf3 Bg7 3. Nc3 d5 4. Bf4 c6 5. e3 Nf6 6. Be2 Nbd7 7. Ne5 Nxe5 8.
Bxe5 O-O 9. Qd2 a5 10. O-O-O b5 11. h4 b4 12. Na4 Ne4 13. Qe1 Bxe5 14. dxe5 c5
15. f3 Bd7 16. fxe4 Bxa4 17. exd5 Qc7 18. b3 Qxe5 19. bxa4 $11 1/2-1/2

[Event "Top20 2010-2011"]
[Site "Loire"]
[Date "2010.11.06"]
[Round "2.9"]
[White "Minchilli, Franco"]
[Black "Bruel, Bruno"]
[Result "0-1"]
[WhiteElo "1690"]
[BlackElo "1750"]
[PlyCount "86"]
[EventDate "2010.??.??"]

1. e4 c5 2. Nf3 d6 3. Nc3 Nf6 4. d4 cxd4 5. Nxd4 a6 6. Bd3 e6 7. O-O Be7 8.
Nce2 O-O 9. Ng3 Nc6 10. c3 Bd7 11. Be3 Ne5 12. Be2 Qc7 13. Rc1 d5 14. f4 Nc4
15. Bxc4 Qxc4 16. b3 Qc7 17. e5 Ne4 18. Nxe4 dxe4 19. f5 exf5 20. Nxf5 Bxf5 21.
Rxf5 g6 22. Qg4 Kh8 23. Rf4 h5 24. Qe2 Qxe5 25. Bd4 Bc5 26. Rxe4 Bxd4+ 27. cxd4
Qd6 28. Qb2 Kh7 29. Rce1 Rad8 30. Qf2 Rd7 31. h3 Rfd8 32. Kh1 Kg7 33. Qb2 Qf6
34. Rd1 Rd5 35. Qd2 R8d7 36. Qe3 Rf5 37. Qe2 Rf2 38. Qc4 Rxa2 39. Rf1 Rf2 40.
Rxf2 Qxf2 41. d5 Qf6 42. Rf4 Qe5 43. Rd4 Rc7 0-1

[Event "Top20 2010-2011"]
[Site "Loire"]
[Date "2010.12.18"]
[Round "3.1"]
[White "Tchalimian, Pascal"]
[Black "Morice, Ludovic"]
[Result "1-0"]
[WhiteElo "2083"]
[BlackElo "2086"]
[PlyCount "86"]
[EventDate "2010.??.??"]

1. b3 e5 2. Bb2 Nc6 3. e3 Nf6 4. Bb5 Bd6 5. Na3 a6 6. Bxc6 dxc6 7. Nc4 Qe7 8.
h3 Bd7 9. Nf3 e4 10. Nd4 c5 11. Ne2 O-O-O 12. a4 Rhg8 13. Ng3 Nd5 14. Nxd6+
cxd6 15. Qh5 Nb4 16. O-O-O g6 17. Qxh7 Qe6 18. Qh4 f5 19. Qf6 Qd5 20. Ba3 Rgf8
21. Qb2 Be6 22. Ne2 Bf7 23. Bxb4 cxb4 24. Qd4 Qc5 25. Kb2 Kb8 26. h4 Rc8 27.
Rc1 Qe5 28. Kb1 Qc5 29. Rh3 b5 30. axb5 Qxb5 31. Qxd6+ Ka8 32. Nd4 Qa5 33. Qd7
Qb6 34. Qe7 Bg8 35. Rg3 Rf7 36. Qe6 Qxe6 37. Nxe6 Rh7 38. Rxg6 Rxh4 39. Nd4 Rg4
40. Rxa6+ Kb7 41. Rf6 Rxg2 42. Nxf5 Kc7 43. Nd6 Bd5 1-0

[Event "Top20 2010-2011"]
[Site "Loire"]
[Date "2010.12.18"]
[Round "3.2"]
[White "Moleins, Adrien"]
[Black "Bednar, Emile"]
[Result "1/2-1/2"]
[WhiteElo "1699"]
[BlackElo "1960"]
[PlyCount "56"]
[EventDate "2010.??.??"]

1. Nf3 d5 2. e3 Nf6 3. b3 e6 4. Bb2 Be7 5. c4 Nbd7 6. Qc2 c6 7. g4 Bf8 8. Rg1
Ne4 9. h4 f6 10. Nd4 Ne5 11. Be2 Bc5 12. Nc3 Bxd4 13. exd4 Nxc3 14. Bxc3 Nf7
15. O-O-O Qe7 16. f4 Bd7 17. g5 f5 18. d3 O-O-O $11 19. Bf3 Qd6 20. Qd2 Qa3+
21. Kb1 Qa6 22. h5 g6 23. Bb4 Rde8 24. Rc1 Kb8 25. Rh1 b6 26. hxg6 hxg6 27.
Rxh8 Rxh8 28. Rh1 Qc8 1/2-1/2

[Event "Top20 2010-2011"]
[Site "Loire"]
[Date "2010.12.18"]
[Round "3.3"]
[White "Poncet, Alain"]
[Black "Muller, Anthony"]
[Result "0-1"]
[WhiteElo "1853"]
[BlackElo "1888"]
[PlyCount "100"]
[EventDate "2010.??.??"]

1. d4 Nf6 2. c4 e6 3. Nc3 Bb4 4. Bg5 c5 5. a3 Bxc3+ 6. bxc3 Qa5 7. Qd3 Nc6 8.
Bxf6 gxf6 9. e3 d6 10. g3 Bd7 11. Bg2 Qc7 12. Ne2 e5 13. O-O O-O-O 14. Rfb1 Na5
15. Rb2 Kb8 16. Rab1 Bc6 17. Bxc6 $11 Qxc6 18. d5 Qa4 19. Nc1 b6 20. Qc2 Qxc2
21. Rxc2 Nxc4 22. Ra2 h5 23. e4 Rdg8 24. Nb3 f5 25. a4 fxe4 26. a5 Kb7 27. axb6
axb6 28. Na5+ Nxa5 29. Rxa5 Ra8 30. Rab5 Ra6 31. c4 Rg8 32. R5b3 f5 33. Kf1 Rg4
34. h3 Rg8 35. Ke2 Rga8 36. R1b2 Kc7 37. Kf1 Ra1+ 38. Kg2 R8a6 39. f3 exf3+ 40.
Rxf3 R6a2 41. Rbf2 Rxf2+ 42. Rxf2 b5 43. cxb5 Kb6 44. Rxf5 c4 45. Kf2 c3 46.
Ke2 c2 47. Rxh5 c1=Q 48. g4 Ra2+ 49. Kd3 Qc2+ 50. Ke3 Qe2# 0-1

[Event "Top20 2010-2011"]
[Site "Loire"]
[Date "2010.12.18"]
[Round "3.4"]
[White "Bruel, Bruno"]
[Black "Deville, Olivier"]
[Result "0-1"]
[WhiteElo "1750"]
[BlackElo "1979"]
[PlyCount "74"]
[EventDate "2010.??.??"]

1. d4 Nf6 2. c4 e6 3. Nc3 d5 4. Nf3 Bb4 5. Bg5 Nbd7 6. e3 c5 7. Bd3 cxd4 8.
exd4 dxc4 9. Bxc4 O-O 10. O-O a6 11. Ne4 Be7 12. Bd3 b5 13. Ne5 Bb7 14. Nxf6+
Nxf6 15. Rc1 Nd5 16. Bxe7 Qxe7 17. Qd2 Rac8 18. f4 Qb4 19. Qf2 Ne7 20. Nd7 Rfd8
21. Nc5 Ba8 22. Nxa6 Qxd4 23. Qxd4 Rxd4 24. Rxc8+ Nxc8 25. Bxb5 Nd6 26. Nc7 Bb7
27. b3 Kf8 28. g3 Ke7 29. Rf2 Kd8 30. Rc2 Be4 31. Rc1 Rd2 32. Bf1 Rxa2 33. b4
Rb2 34. b5 Nf5 35. Na6 Bd5 36. Re1 Nd4 37. Nc5 Nf3+ 0-1

[Event "Top20 2010-2011"]
[Site "Loire"]
[Date "2010.12.18"]
[Round "3.5"]
[White "Cursoux, Gerard"]
[Black "Jan, Christophe"]
[Result "1-0"]
[WhiteElo "1970"]
[BlackElo "1790"]
[PlyCount "47"]
[EventDate "2010.??.??"]

1. b3 d5 2. Bb2 Nf6 3. Nf3 c5 4. e3 g6 5. d4 cxd4 6. exd4 Bh6 7. Bd3 Nc6 8. O-O
O-O 9. Re1 Re8 10. a3 Qc7 11. h3 Be6 12. Nbd2 Rac8 13. Rc1 Nh5 14. c4 Nf4 15.
Bf1 Bf5 16. g3 dxc4 17. gxf4 Qxf4 18. bxc4 e5 19. d5 e4 20. dxc6 exf3 21. Rxe8+
Rxe8 22. Nxf3 bxc6 23. Ra1 c5 24. Bc1 1-0

[Event "Top20 2010-2011"]
[Site "Loire"]
[Date "2010.12.18"]
[Round "3.6"]
[White "Garon, Pierre"]
[Black "Licata-Messana, Luc"]
[Result "1-0"]
[WhiteElo "1928"]
[BlackElo "1800"]
[PlyCount "103"]
[EventDate "2010.??.??"]

1. d4 e6 2. Bf4 Nf6 3. Nf3 c5 4. e3 Qb6 5. Nbd2 d5 6. Rb1 Nc6 7. c3 cxd4 8.
exd4 Nh5 9. Be3 Bd6 10. Bd3 Nf6 11. O-O Qc7 12. Re1 Bd7 13. a3 Ng4 14. h3 Nxe3
15. Rxe3 Bf4 16. Re1 O-O 17. Qe2 f6 18. c4 Rae8 19. g3 Bxg3 20. fxg3 Qxg3+ 21.
Qg2 Qf4 22. Qh2 Qh6 23. Re2 Bc8 24. Rbe1 Ne7 25. h4 Ng6 26. Bxg6 Qxg6+ 27. Qg2
Qf7 28. c5 Qc7 29. b4 Bd7 30. Nb1 a6 31. Qh2 Qxh2+ 32. Kxh2 Kf7 33. Nc3 Bb5 34.
Nxb5 axb5 35. Kg2 Re7 36. Nd2 Rfe8 37. Nb1 e5 38. Nc3 exd4 39. Rxe7+ Rxe7 40.
Rxe7+ Kxe7 41. Nxb5 d3 42. Kf3 g5 43. Nd6 Ke6 44. hxg5 fxg5 45. Ke3 h5 46. Kxd3
b6 47. Nb5 bxc5 48. bxc5 Kd7 49. Nd4 g4 50. Ke3 h4 51. Kf2 Kc7 52. a4 1-0

[Event "Top20 2010-2011"]
[Site "Loire"]
[Date "2010.12.18"]
[Round "3.7"]
[White "Massard, Christian"]
[Black "Aumont-Mathieu, Georges"]
[Result "1/2-1/2"]
[WhiteElo "1807"]
[BlackElo "1840"]
[PlyCount "40"]
[EventDate "2010.??.??"]

1. g3 Nf6 2. Bg2 e6 3. c4 c5 4. Nc3 Be7 5. Nf3 Nc6 6. O-O d5 7. cxd5 exd5 8. d4
h6 9. dxc5 Bxc5 10. Bf4 d4 11. Nb5 O-O 12. Rc1 Bb6 13. Nd6 g5 14. Nxc8 gxf4 15.
Nxb6 Qxb6 16. Qd2 fxg3 17. hxg3 Kg7 18. Nh4 Ne7 19. Rc4 Rfd8 20. Rfc1 Rd7
1/2-1/2

[Event "Top20 2010-2011"]
[Site "Loire"]
[Date "2010.12.18"]
[Round "3.8"]
[White "Pareux, Marc"]
[Black "Andre, Gregory"]
[Result "1-0"]
[WhiteElo "1600"]
[BlackElo "1760"]
[PlyCount "69"]
[EventDate "2010.??.??"]

1. d4 Nf6 2. Nc3 g6 3. e4 d6 4. f3 Bg7 5. Be3 O-O 6. Qd2 Nbd7 7. O-O-O e5 8. d5
b6 9. g4 h5 10. h3 a5 11. Bg5 Qe8 12. Nb5 Qd8 13. gxh5 gxh5 14. h4 Rb8 15. Nh3
Kh7 16. Rg1 Rg8 17. Be3 Qf8 18. Ng5+ Kh8 19. Nxc7 Nc5 20. Nb5 Ne8 21. Na7 Bd7
22. Bh3 Rb7 23. Nc6 Bxh3 24. Nxh3 f6 25. Nd8 Rd7 26. Ne6 Nxe6 27. dxe6 Rb7 28.
Qd5 Qe7 29. f4 Rb8 30. f5 Bf8 31. Qd2 Qh7 32. Rxg8+ Qxg8 33. Rg1 Qh7 34. Rg6
Rb7 35. Bh6 1-0

[Event "Top20 2010-2011"]
[Site "Loire"]
[Date "2010.12.18"]
[Round "3.9"]
[White "Minchilli, Franco"]
[Black "Vier, Serge"]
[Result "1/2-1/2"]
[WhiteElo "1690"]
[BlackElo "1700"]
[PlyCount "60"]
[EventDate "2010.??.??"]

1. e4 e6 2. Nf3 d5 3. e5 c5 4. c3 Qb6 5. d4 Bd7 6. b3 cxd4 7. Nxd4 Nc6 8. Be3
Nxd4 9. Bxd4 Bc5 10. Be2 Bxd4 11. Qxd4 Qc7 12. Na3 a6 13. O-O Ne7 14. Rad1 Nf5
15. Qd3 Rc8 16. c4 dxc4 17. Nxc4 Bb5 18. Rc1 O-O 19. a4 Bxc4 20. Qxc4 Qxc4 21.
Rxc4 Rxc4 22. Bxc4 Rd8 23. g4 Nd4 24. Kg2 Nc6 25. f4 Kf8 26. Kg3 Rd4 27. Rc1
Na5 28. Rc3 Ke7 29. Bd3 Kd7 30. Kf3 Rb4 1/2-1/2

[Event "Top20 2010-2011"]
[Site "Loire"]
[Date "2011.01.23"]
[Round "4.1"]
[White "Muller, Anthony"]
[Black "Tchalimian, Pascal"]
[Result "1-0"]
[WhiteElo "1896"]
[BlackElo "2085"]
[PlyCount "77"]
[EventDate "2011.??.??"]

1. d4 d5 2. Nf3 e6 3. Bf4 Bd6 4. Bxd6 cxd6 5. e3 Nf6 6. c4 O-O 7. Nc3 dxc4 8.
Bxc4 b6 9. Qe2 Bb7 10. O-O d5 11. Bd3 Ne4 12. Rac1 a6 13. Rfd1 b5 14. Nd2 f5
15. Nb3 Nd7 16. f3 Nd6 17. Nc5 Qe7 18. e4 Nxc5 19. dxc5 Nc4 20. b4 fxe4 21.
fxe4 Qf6 22. Bxc4 dxc4 23. Rd7 Bc6 24. Rd6 Rac8 25. e5 Qg6 26. Rf1 Rxf1+ 27.
Kxf1 h6 28. Kg1 Qf5 29. a4 Qg5 30. axb5 Qc1+ 31. Qf1 Qxc3 32. bxc6 Rf8 33. Qd1
Qxb4 34. h3 Qxc5+ 35. Qd4 Qa5 36. Rxe6 c3 37. Qc4 Kh7 38. c7 Rc8 39. Re7 1-0

[Event "Top20 2010-2011"]
[Site "Loire"]
[Date "2011.01.08"]
[Round "4.2"]
[White "Morice, Ludovic"]
[Black "Moleins, Adrien"]
[Result "0-1"]
[WhiteElo "2071"]
[BlackElo "1697"]
[PlyCount "70"]
[EventDate "2011.??.??"]

1. d4 f5 2. Bg5 h6 3. Bf4 Nf6 4. e4 fxe4 5. Be2 Kf7 6. Nc3 e6 7. Qd2 Bb4 8. Nh3
Nc6 9. O-O Rf8 10. Rad1 d5 11. Qe3 Ne7 12. Nb5 Nf5 13. Qb3 Ba5 14. c3 g5 15.
Be5 c6 16. Na3 Bc7 17. g4 Nh4 18. f4 exf3 19. Bxf3 Kg8 20. Qc2 Bd7 21. Qe2 Bxe5
22. dxe5 Nxf3+ 23. Rxf3 Qb6+ 24. Kg2 Nxg4 25. Rxf8+ Rxf8 26. Qxg4 Qxb2+ 27. Kh1
Qxa3 28. Qh5 Kg7 29. Nxg5 hxg5 30. Qxg5+ Kf7 31. h4 Ke8 32. Qg6+ Kd8 33. h5
Qxc3 34. Qg5+ Kc8 35. Rg1 Qh3# 0-1

[Event "Top20 2010-2011"]
[Site "Loire"]
[Date "2011.01.23"]
[Round "4.3"]
[White "Bednar, Emile"]
[Black "Cursoux, Gerard"]
[Result "0-1"]
[WhiteElo "1910"]
[BlackElo "1990"]
[PlyCount "70"]
[EventDate "2011.??.??"]

1. d4 Nf6 2. Nf3 g6 3. c4 c5 4. g3 cxd4 5. Nxd4 Bg7 6. Bg2 O-O 7. O-O Nc6 8. e3
Nxd4 9. exd4 d5 10. c5 Bg4 11. f3 Bf5 12. Nc3 Qd7 13. Be3 Rfd8 14. Qd2 Bh3 15.
Rac1 Bxg2 16. Kxg2 Qc6 17. b4 b5 18. a4 a6 19. a5 Nd7 20. Ne2 Re8 21. Rcd1 Rad8
22. Rf2 e5 23. Bh6 Bh8 24. Bg5 f6 25. Be3 Nf8 26. f4 Ne6 27. f5 Nf8 28. Bh6 Nd7
29. h4 gxf5 30. Rxf5 Qe6 31. Rf2 Nf8 32. dxe5 fxe5 33. Rdf1 Nd7 34. Qg5+ Qg6
35. Rf7 d4 0-1

[Event "Top20 2010-2011"]
[Site "Loire"]
[Date "2011.01.23"]
[Round "4.4"]
[White "Deville, Olivier"]
[Black "Garon, Pierre"]
[Result "1-0"]
[WhiteElo "1982"]
[BlackElo "1924"]
[PlyCount "103"]
[EventDate "2011.??.??"]

1. d4 d5 2. Nf3 Nf6 3. c4 e6 4. Nc3 Be7 5. e3 O-O 6. b3 Ne4 7. Nxe4 dxe4 8. Nd2
f5 9. c5 Bf6 10. Bc4 Nc6 11. Bb2 Nb4 12. f3 Bg5 13. f4 Bf6 14. O-O Nd5 15. Qe2
Bd7 16. g4 c6 17. a3 h6 18. b4 a6 19. Bb3 Qe7 20. gxf5 exf5 21. Nc4 Be6 22. Ne5
Kh7 23. Bc1 Bxe5 24. fxe5 g5 25. Bxd5 Bxd5 26. Bd2 Qf7 27. Qg2 Qg7 28. h4 g4
29. Be1 Bc4 30. Rf4 h5 31. Bg3 Kg6 32. Rf2 Qd7 33. Bf4 a5 34. Rc1 Qe6 35. Rfc2
Bd3 36. Rb2 Ra7 37. bxa5 Bb5 38. Qd2 Rfa8 39. d5 Qe7 40. d6 Qxh4 41. d7 Bd3 42.
Rcb1 Qe7 43. Rxb7 Bxb1 44. Rxa7 Rd8 45. Qd6+ Qxd6 46. cxd6 Ba2 47. Rc7 Be6 48.
a6 Bxd7 49. a7 Be6 50. Re7 Bd5 51. d7 c5 52. e6 1-0

[Event "Top20 2010-2011"]
[Site "Loire"]
[Date "2011.01.23"]
[Round "4.5"]
[White "Pareux, Marc"]
[Black "Poncet, Alain"]
[Result "1/2-1/2"]
[WhiteElo "1640"]
[BlackElo "1859"]
[PlyCount "37"]
[EventDate "2011.??.??"]

1. d4 Nf6 2. Nc3 e5 3. dxe5 Ng4 4. Nf3 Bc5 5. Ne4 Qe7 6. Nxc5 Qxc5 7. Qd4 Qxd4
8. Nxd4 Nxe5 9. Bf4 d6 10. Nb5 Na6 11. O-O-O O-O 12. e4 Be6 13. a3 Rad8 14. Nc3
Nc5 15. f3 Ng6 16. Bg3 a6 17. Nd5 Bxd5 18. Rxd5 Ne7 19. Rd2 1/2-1/2